| 000 | 00670nam a2200217 i 4500 | ||
|---|---|---|---|
| 001 | 134239 | ||
| 003 | ES-MaACL | ||
| 005 | 20231102063033.0 | ||
| 007 | t| | ||
| 008 | 070907s1956 sp ||||1| spa d | ||
| 100 | 1 |
_aWassermann, Jakob, _d1873-1934 _9116154 |
|
| 245 | 1 | 3 |
_aEl caso Maurizius / _cJakob Wassermann ; [traducción del alemán por Manuel Scholz]. |
| 250 | _a1ª ed. | ||
| 260 |
_aBarcelona : _bJosé Janés, _c1956. |
||
| 300 |
_a457 p. ; _c17 cm. |
||
| 490 | 1 | _aEl club de los lectores | |
| 700 | 1 |
_aScholz, Manuel. _9104641 |
|
| 830 | 0 |
_aEl club de los lectores _9181015 |
|
| 852 |
_aES-MaACL _jC-12616 _bR.39443 |
||
| 999 |
_c134239 _d134239 |
||